000 00380nam a22001577a 4500
005 20200528111033.0
008 200528b xxu||||| |||| 00| 0 eng d
041 _aeng
082 _a340
100 _aBARE ACT
_95744
245 _aTHE PUBLIC SERVANTS ACT,1850 (37-1850)
260 _aDELHI
_bPROFESSIONALS BOOK PUBLISHERS
300 _a30;p
650 _aLAW
_95701
942 _cBK
999 _c6570
_d6568